Responses for Show #3712 - Tuesday, October 24, 2000

Contestants

[<< previous game]

Adam Michaels, a trial lawyer from Brookline, Massachusetts

Donna Oltman, a third grade teacher from Plano, Texas

Kirsten Edwards, a college student from Chicago, Illinois (whose 1-day cash winnings total $3,900)

[next game >>]

Jeopardy! Round responses

WORLD HISTORY
WHAT I LEARNED FROM WOMEN'S MAGAZINES
CHARACTER STUDY
(Alex: We'll name the character, you have to name the work.)
FLORA & FAUNA
ROLLING STONES SONGS
(Alex: You name the song; we'll give you some lyrics.)
4-LETTER WORD"SS"
    $100 11
Alexander the Great

Adam
    $100 23
humidity

Adam
    $100 15
Pygmalion (or My Fair Lady)

Adam
    $100 6
Robin

Kirsten
    $100 16
"Satisfaction"

Kirsten
    $100 1
(Adam: Can't get it.)

Miss

KirstenAdam
    $200 12
the Great Fire of London

Kirsten
    $200 24
sugar daddy

Kirsten
    $200 17
War and Peace

Adam
    $200 7
kernel

Donna
    $200 18
"You Can't Always Get What You Want"

Adam
    $200 2
(Kirsten: [No response])

Pass

Kirsten
Triple Stumper
    $300 13
popes

Kirsten
    $300 25
bangs

Adam
    $300 26
Breakfast at Tiffany's

Adam
    $300 8
manatee

Kirsten
    $300 19
"Time Is On My Side"

Triple Stumper
    $300 3
lass

Donna
    $400 14
(Kirsten: What is Boston?)

Geneva, Switzerland

Kirsten
    $400 29
purple

Adam
    $400 27
Jane Eyre

Donna
    $400 9
boll weevil

Donna
    $400 20
"Jumpin' Jack Flash"

Kirsten
    $400 4
less

Donna
    $500 22
Angola

Donna
    $500 30
The Crying Game

Donna
    $500 28
Vanity Fair

Triple Stumper
    $500 10
aalamander

Donna
    $500 21
"Sympathy For The Devil"

Donna
    $500 5
buss

Kirsten

Scores at the first commercial break (after clue 14):

Kirsten Donna Adam
$900 $1,800 $0

Scores at the end of the Jeopardy! Round:

Kirsten Donna Adam
$1,600 $3,700 $1,600

Double Jeopardy! Round responses

WORLD GEOGRAPHY
EDIBLE-SOUNDING NAMES
FOREIGN FILM TITLES
(Alex: Name the title as known in English, please.)
"B.B."s
JUDAICA
GOYA
    $200 1
Greece

Donna
    $200 14
["Johnny B. Goode"]

Chuck Berry

Adam
    $200 3
8 1/2

Adam
    $200 19
a blue blood

Kirsten
    $200 2
a rabbi

Adam
    $200 26
his hearing

Adam
    $400 10
The Netherlands (Holland)

Adam
    $400 15
Judge Roy Bean

Kirsten
    $400 4
(Adam: What is Brazil Station?)

Central Station

Adam
Triple Stumper
    $400 20
big-boned

Kirsten
    $400 6
Harry S. Truman

Adam
    $400 27
himself

Adam
    $600 11
(Donna: What is New Zealand?)

Chile

Donna
Triple Stumper
    $600 16
Warren Burger

Adam
    $600 5
Women on the Verge of a Nervous Breakdown

Donna
    $600 21
a bush baby

Kirsten
    $600 7
challah (loaves of bread)

Adam
    $600 28
Wellington

Triple Stumper
    $800 12
the Bay of Bengal

Triple Stumper
    $800 17
(Adam: Who is Strawberry?)

Chili Davis

Adam
Triple Stumper
    $800 8
Run Lola Run

Kirsten
    $800 22
(Adam: What is bada boom?)
(Alex: That will be the next bar to open!)

Bada Bing

Adam
Triple Stumper
    $800 24
2 (Judah & Benjamin)

Donna
    $800 29
[The end-of-round signal sounds.]

Madrid

Triple Stumper
    $1000 13
the Gulf of Aqaba

Triple Stumper
    $1,000 18
(Adam: Who is Chase?)

Andrew Mellon

Adam
    $1000 9
Smiles of a Summer Night

Triple Stumper
    $1000 23
(Donna: Who is Benjamin Braddock?)

Benjamin Banneker

Donna
Triple Stumper
    $1,500 25
(Alex: With less than a minute to go.)

Isaac Bashevis Singer

Donna

Scores at the end of the Double Jeopardy! Round:

Kirsten Donna Adam
$4,000 $5,200 $1,800

[wagering suggestions for these scores]

Final Jeopardy! Round responses

FAMOUS FIRSTS
(Alex: Do you remember it?)
AdamWhat is a drive thru restaurant
$1,799
KirstenWhat is ?
$400
DonnaWhat a super market?
$2,000
a motel

Final scores:

Kirsten Donna Adam
$3,600 $3,200 $1
2-day champion: $7,500 2nd place: a trip on the Queen Mary 3rd place: High Sierra A.T. Gear collection

Game dynamics:

Coryat scores:

Kirsten Donna Adam
$4,400 $4,700 $2,800
14 R,
2 W
(including 1 DD)
13 R
(including 1 DD),
2 W
17 R,
5 W
(including 1 DD)

Combined Coryat: $11,900

[game clues] [game scores] [suggest correction]

Game tape date: 2000-09-26
The J! Archive is created by fans, for fans. Scraping, republication, monetization, and malicious use prohibited; this site may use cookies and collect identifying information. See terms. The Jeopardy! game show and all elements thereof, including but not limited to copyright and trademark thereto, are the property of Jeopardy Productions, Inc. and are protected under law. This website is not affiliated with, sponsored by, or operated by Jeopardy Productions, Inc. Join the discussion at JBoard.tv.